Joueurs de tennis Top 10 2010-2023 - Statistiques

Statistiques générales
  • Ce quiz a été pris 1 342 fois
  • Le résultat moyen est 28 sur 53
Statistiques - réponses
1ère entrée
dans le top 10
Meilleur
classement
ATP
Réponse % Correct
2005 1er Nadal
99%
2007 1er Djokovic
98%
2002 1er Federer
97%
2022 1er Alcaraz
96%
2019 1er Medvedev
90%
2009 6e Monfils
88%
2007 1er Murray
86%
2021 8e Sinner
85%
2008 5e Tsonga
85%
2017 2e Zverev
85%
2019 3e Tsitsipas
82%
2021 2e Ruud
80%
2008 3e Wawrinka
79%
2022 7e Rune
77%
2007 7e Gasquet
76%
2020 5e Rublev
74%
2006 3e Ferrer
71%
2022 5e Fritz
70%
2016 3e Thiem
68%
2008 3e Del Potro
66%
2010 3e Cilic
62%
2014 3e Dimitrov
62%
2009 6e Simon
62%
2014 4e Nishikori
58%
2012 8e Isner
55%
2021 6e Auger-Aliassime
51%
2019 6e Berrettini
50%
2002 1er Roddick
47%
2021 9e Hurkacz
45%
2014 3e Raonic
43%
2010 4e Berdych
42%
2017 7e Goffin
42%
2019 8e Khachanov
42%
2022 8e Norrie
42%
2018 10e Pouille
41%
2020 10e Shapovalov
41%
2019 9e Fognini
39%
2017 10e Carreno Busta
36%
2015 5e Anderson
35%
2020 8e Schwartzman
34%
2009 4e Soderling
34%
2019 9e Bautista Agut
33%
2017 8e Sock
29%
2005 3e Davydenko
25%
2009 7e Verdasco
23%
2011 9e Almagro
15%
2014 10e Gulbis
15%
2011 8e Tipsarevic
14%
2011 7e Fish
12%
2006 5e Gonzalez
7%
2011 8e Melzer
7%
2012 10e Monaco
5%
2008 8e Youzhny
5%
Aucun quiz correspondant
Distribution des résultats
% des personnes avec chaque résultat
Percentile par nombre de réponses
Votre historique - résultats
Vous n’avez pas pris ce quiz